00524nam a2200145 a 450000100100000000500170001000800410002704000250006824500530009326000500014630000340019650000250023095201060025599900170036100003880920201002031359.0130425s20uu dr ab 000 0 spa d aDO-SdBNPbspacBNPHU 0aGuía de negocios en la República Dominicana. aSanto Domingo, :bPellerano & Herrera,c20uu. a107 p. :bil.,mapas ;c29 cm. aTexto a dos columnas 00107-18PDaPDbPDcOId2013-04-25iLF1l0o p38809-10r2020-06-25w2020-06-25yLFPDZNo se presta c38299d38299